| 000 | 00759nam a2200193 u 4500 | ||
|---|---|---|---|
| 001 | 000003200 | ||
| 003 | DO-SdBNP | ||
| 005 | 20250320101329.0 | ||
| 008 | 090707s1985 dr a 000 0 spa d | ||
| 040 |
_aDO-SdBNP _bspa _cBNPHU |
||
| 082 |
_a338.13 _bC842p |
||
| 245 | 0 | 0 |
_aCostos de Producción de Cultivos Temporero : _b1984 /. |
| 260 |
_aSanto Domingo : _bSecretaría de Estado de Agricultura, _c1985. |
||
| 300 |
_a427 p. : _bil. ; _c22 cm. |
||
| 500 | _aSubsecretaría técnica de planificación sectorial agropecuaria, departamento de economía agropecuaria, división de administración rural. | ||
| 650 | 0 |
_aProductos agrícolas _zRepública Dominicana _94113 _2LEMB |
|
| 650 | 4 |
_aCostos de producción _zRepública Dominicana _910118 |
|
| 942 |
_2ddc _cLBS1 |
||
| 999 |
_c3031 _d3031 |
||